| 000 | 00964nam a2200289 4500 | ||
|---|---|---|---|
| 001 | 178764 | ||
| 003 | ES-MaACL | ||
| 005 | 20250911062851.0 | ||
| 007 | t| | ||
| 008 | 110617s1996 sp |||| | spa d | ||
| 020 | _a84-7522-362-1 | ||
| 080 | _a821.134.2-14"19" | ||
| 100 | 1 |
_aSalinas, Pedro, _d1891-1951 _9101942 |
|
| 245 | 1 | 0 |
_aAntología personal / _cPedro Salinas. |
| 260 |
_aMadrid : _bVisor : _bConsejería de Educación y Cultura, _c[1996] |
||
| 300 |
_a95 p. ; _c20 cm. |
||
| 490 | 1 |
_aColección Visor de poesía ; _v362 |
|
| 505 | 8 |
_aContiene: ; _tPresagios ; _tSeguro azar ; _tFábula y signo ; _tLa voz a ti debida |
|
| 710 | 1 |
_aMadrid (Comunidad Autónoma). _bConsejería de Educación y Cultura. _95601 |
|
| 740 | 0 | _aPresagios. | |
| 740 | 0 | _aSeguro azar. | |
| 740 | 0 | _aFábula y signo. | |
| 740 | 3 | _aLa voz a ti debida. | |
| 830 | 0 |
_aColección Visor de poesía _v362 _9177331 |
|
| 852 |
_aES-MaACL _jN-4296 |
||
| 999 |
_c178764 _d178764 |
||